00274pab a2200121 454500008004000000100002000040245002700060260000900087300000800096362001400104650001200118773002200130180718b1988 xxu||||| |||| 00| 0 eng d aKidwai, Mohsina aHousing for the people c1988 a4-5 aApr.-Jun. aHousing aDelhi Vikas Varta